Normal view
MARC view
- ELECTRONICS CIRCUITS DEVICES AND CIRCUITS-ELECTRONICS..ELECTRONIC DEVICES .ELECTRONIC CIRCUITS
Entry Topical Term
001 - CONTROL NUMBER
- control field: 57791
003 - CONTROL NUMBER IDENTIFIER
- control field: NUST
005 - DATE AND TIME OF LATEST TRANSACTION
- control field: 20210628202009.0
008 - FIXED-LENGTH DATA ELEMENTS
- fixed length control field: 210628|| aca||aabn | a|a d
040 ## - CATALOGING SOURCE
- Original cataloging agency: NUST
- Transcribing agency: NUST
150 ## - HEADING--TOPICAL TERM
- Topical term or geographic name entry element: ELECTRONICS CIRCUITS DEVICES AND CIRCUITS-ELECTRONICS..ELECTRONIC DEVICES .ELECTRONIC CIRCUITS
670 ## - SOURCE DATA FOUND
- Source citation: Work cat.: (NUST): Theraja, B.L Theraja, A.K 57790, Electronics devices and circuits, in s.i. system of units, 1999
